Meaningful learning with technology / (Record no. 701)

000 -LEADER
fixed length control field 00879cam a2200289 a 4500
001 - CONTROL NUMBER
control field 16618920
003 - CONTROL NUMBER IDENTIFIER
control field OSt
005 - DATE AND TIME OF LATEST TRANSACTION
control field 20140116120835.0
008 - FIXED-LENGTH DATA ELEMENTS--GENERAL INFORMATION
fixed length control field 110121s2012 maua b 001 0 eng
020 ## - INTERNATIONAL STANDARD BOOK NUMBER
International Standard Book Number 9780132565585
040 ## - CATALOGING SOURCE
Transcribing agency DLC
050 00 - LIBRARY OF CONGRESS CALL NUMBER
Classification number LB1028.3.H69 2012
100 1# - MAIN ENTRY--PERSONAL NAME
Personal name Howland, Jane L.
245 10 - TITLE STATEMENT
Title Meaningful learning with technology /
Statement of responsibility, etc Jane L. Howland, David Jonassen and Rose M. Marra.
250 ## - EDITION STATEMENT
Edition statement 4th ed.
260 ## - PUBLICATION, DISTRIBUTION, ETC. (IMPRINT)
Place of publication, distribution, etc Boston :
Name of publisher, distributor, etc Pearson,
Date of publication, distribution, etc 2012.
300 ## - PHYSICAL DESCRIPTION
Extent xv, 292 p. :
Other physical details ill.
504 ## - BIBLIOGRAPHY, ETC. NOTE
Bibliography, etc Includes bibliographical references and index.
650 #0 - SUBJECT ADDED ENTRY--TOPICAL TERM
Topical term or geographic name as entry element Educational technology.
650 #0 - SUBJECT ADDED ENTRY--TOPICAL TERM
Topical term or geographic name as entry element Teaching
General subdivision Aids and devices.
650 #0 - SUBJECT ADDED ENTRY--TOPICAL TERM
Topical term or geographic name as entry element Learning.
650 #0 - SUBJECT ADDED ENTRY--TOPICAL TERM
Topical term or geographic name as entry element Constructivism (Education)
700 1# - ADDED ENTRY--PERSONAL NAME
Personal name Jonassen, David H.,
Dates associated with a name 1947-
700 1# - ADDED ENTRY--PERSONAL NAME
Personal name Marra, Rose M.
700 1# - ADDED ENTRY--PERSONAL NAME
Personal name Jonassen, David H.,
Dates associated with a name 1947-
Title of a work Learning with technology.
942 ## - ADDED ENTRY ELEMENTS (KOHA)
Source of classification or shelving scheme
Koha item type Book
Holdings
Withdrawn status Lost status Source of classification or shelving scheme Damaged status Not for loan Home library Current library Date acquired Source of acquisition Total Checkouts Total Renewals Full call number Barcode Date last seen Date checked out Copy number Price effective from Koha item type
          Riara University Library Riara University Library 27/10/2011 Purchase 5 1 LB1028.3.H69 2012 2793/11 24/05/2019 11/05/2016 C.1 27/10/2011 Book
          Riara University Library Riara University Library 27/10/2011 Purchase 7   LB1028.3.H69 2012 2794/11 31/03/2016 21/03/2016 C.2 27/10/2011 Book
          Riara University Library Riara University Library 27/10/2011 Purchase 6 2 LB1028.3.H69 2012 2792/11 25/07/2016 27/07/2015 C.3 27/10/2011 Book

Riara University Library,
P.O. Box 49940-00100,
Nairobi, Kenya.